000 00718nam a2200253Ia 4500
003 OSt
005 20220918222024.0
006 a|||||r|||| 00| 0
007 ta
008 220917b |||||||| |||| 00| 0 eng d
024 _a214,755
037 _cTextual
040 _aARTS
_cARTS
_beng
041 _2eng
_aeng
082 _aX62:(Y31:7:7), N9
100 _aNarasaiah M. Laxmi
_9142017
245 0 _aRole of banking in rural development
260 _aNew Delhi
_bDiscovery pub. house
_c1999
300 _a285 p
_ccm.
650 _aECONOMICS
700 _a Venkata Naidu G.
_9142018
942 _hX62:(Y31:7:7), N9
_cTEXL
_2CC
999 _c274348
_d274348